| 000 | 00325nam a22001217a 4500 | ||
|---|---|---|---|
| 020 | _a9788190656689 | ||
| 082 |
_a658.4034 _bGUP/OP |
||
| 100 | _aGupta, C.B | ||
| 245 | _aOptimization techniques in operations research | ||
| 260 |
_aNew Delhi _bI.K International Publishing House Pvt. Ltd. _c2008 |
||
| 300 | _a298 | ||
| 942 | _cBK | ||
| 999 |
_c13659 _d13659 |
||